000 00465nam a2200181 a 4500
001 3465
005 20140414131845.0
008 040601s19uu xx 00 eng d
050 _aM 220.9
_bR24
245 _aRebecca's wedding.
260 _aTokyo :
_bFroebel-kan,
_c[n.d.]
300 _a1 v. (unp.) : ill. ; cm.
440 _aFamous stories from the Bible
650 _aBible stories.
650 _aChristian education.
999 _c109881
_d109881